000 00229nam a2200097Ia 4500
008 231212s1987 xx 000 0 und d
041 _aeng
100 _aMileat Harry
245 _aBasic Eletronics
260 _aBombay
_bVrinda
_c1987
999 _c960669
_d960669